NLSUI OPAC header image

Third world development : Problems and prospects (Record no. 3745)

MARC details
000 -LEADER
fixed length control field 00447nam a2200157Ia 4500
008 - FIXED-LENGTH DATA ELEMENTS--GENERAL INFORMATION
fixed length control field 160316s1981 xxu||||| |||| 00| 0 eng d
082 ## - DEWEY DECIMAL CLASSIFICATION NUMBER
Classification number 338.900000
Item number STO
100 ## - MAIN ENTRY--PERSONAL NAME
Personal name Stockwell Edward G
245 ## - TITLE STATEMENT
Title Third world development : Problems and prospects
250 ## - EDITION STATEMENT
Edition statement
260 ## - PUBLICATION, DISTRIBUTION, ETC.
Place of publication, distribution, etc. Chicago
Name of publisher, distributor, etc. Nelson-Hall
Date of publication, distribution, etc. 1981
300 ## - PHYSICAL DESCRIPTION
Extent 352
Other physical details 20 cm
Dimensions xv
365 ## - TRADE PRICE
Price amount
650 ## - SUBJECT ADDED ENTRY--TOPICAL TERM
Topical term or geographic name entry element 1. Economic Development - Third World Countries<br/>
700 ## - ADDED ENTRY--PERSONAL NAME
Personal name Laidlaw Karen A
--
Holdings
Withdrawn status Lost status Damaged status Not for loan Home library Current library Shelving location Date acquired Total Checkouts Full call number Barcode Date last seen Price effective from Koha item type
        NLS NLS NAB Compactor 30/05/2017   338.9 STO 3910 30/05/2017 30/05/2017 BOOKs